Gaming Quiz

Random Gaming or Video Games Quiz
Score 0/24 Timer 08:00
11 Plays Today
Definition Character % Correct
Anything serving to connect one thing with another; e.g. a chain or sausageLink
85%
The little fingerPinky
81.8%
An arachnid having a long, narrow, venomous tailScorpion
78.1%
A dream where one feels fear, sorrow, etc.Nightmare
75.9%
To collide, esp. violently and noisilyCrash Bandicoot
73.7%
A fruit similar to a nectarine, having hairy skin and a large seedPeach
73.5%
Nothing; nil; having no valueZero
71.8%
A substance used for washing, usually skin or dishesJohn 'Soap' MacTavish
71.7%
A tailless, stout-bodied amphibian with smooth, moist skin.Frog
70.6%
A guitar-like instrument with a long neck and a circular drumlike bodyBanjo
69.5%
Excrement (slang)Poo
68.5%
A tree bearing an acorn as its fruitProfessor Oak
67.6%
Definition Character % Correct
A joint of a finger (plural)Knuckles
65.9%
A brilliant electric spark discharge in the atmosphereLightning
64%
A block of clay hardened by drying in the sun or burning in a kiln, used for constructing homesBrick
61.1%
A visible collection of particles of water or ice suspended in the airCloud Strife
58.7%
To go aimlessly, indirectly, or casually; meanderWander
56.6%
A hole or cavity in the ground, often used as a trapPit
56.5%
An eruption on the skin, often causing itchyness and irritationRash
56.4%
A small domesticated carnivore (plural)CATS
54.5%
Verse or poetry having correspondence in the terminal sounds of the linesRhyme
40.7%
A tool consisting of a bar and wheel, commonly refered to as a socket wrenchRatchet
37.5%
To toss; throw with a quick motion, usually a short distanceChuck Greene
30.5%
A long pole with a pointed metal head, related to a spear or javelinLance Bean
24.6%

You're not logged in!

Compare scores with friends on all Sporcle quizzes.
OR
Log In

Sporcle TV

Today on Sporcle TV


Watch our educational content, quiz creation guides, and fun videos on Sporcle TV.

Show Comments

Extras

Top Quizzes Today


Score Distribution

Paid Content

Your Account Isn't Verified!

In order to create a playlist on Sporcle, you need to verify the email address you used during registration. Go to your Sporcle Settings to finish the process.

Report this User

Report this user for behavior that violates our Community Guidelines.

Details: